[Event "Club 608 Online 1 - Open B (-1600)"]
[Date "2021.04.10"]
[Round "2.4"]
[White "Wu, Clara"]
[Black "Choteau, Gurvann"]
[Result "1/2-1/2"]
[BlackElo "1135"]
[WhiteElo "1403"]

1. d4 {[%clk 0:50:10.0]} d5 {[%clk 0:50:07.1]} 2. c4 {[%clk 0:50:17.9]} e6 {[%clk 0:50:15.0]} 3. Nf3 {[%clk 0:50:24.0]} Nf6 {[%clk 0:50:12.9]} 4. g3 {[%clk 0:50:30.3]} Nbd7 {[%clk 0:49:47.8]} 5. Bg2 {[%clk 0:50:34.2]} c6 {[%clk 0:49:36.6]} 6. 0-0 {[%clk 0:50:37.4]} Be7 {[%clk 0:49:31.6]} 7. Nbd2 {[%clk 0:50:35.2]} 0-0 {[%clk 0:49:20.0]} 8. Qc2 {[%clk 0:50:41.2]} b6 {[%clk 0:48:56.4]} 9. cxd5 {[%clk 0:50:34.6]} cxd5 {[%clk 0:48:34.3]} 10. Nb3 {[%clk 0:50:23.9]} Ba6 {[%clk 0:48:14.1]} 11. Bf4 {[%clk 0:50:11.8]} Rc8 {[%clk 0:47:44.8]} 12. Qd1 {[%clk 0:50:01.0]} Ne4 {[%clk 0:46:22.5]} 13. Re1 {[%clk 0:49:35.9]} Ndf6 {[%clk 0:45:45.5]} 14. Rc1 {[%clk 0:49:25.0]} Bb4 {[%clk 0:45:27.7]} 15. Rxc8 {[%clk 0:49:04.4]} Qxc8 {[%clk 0:45:24.0]} 16. Nbd2 {[%clk 0:48:28.4]} Qd7 {[%clk 0:44:42.0]} 17. a3 {[%clk 0:48:28.5]} Bd6 {[%clk 0:44:06.9]} 18. Bxd6 {[%clk 0:47:53.6]} Nxd6 {[%clk 0:43:40.6]} 19. Ne5 {[%clk 0:47:51.1]} Qc7 {[%clk 0:43:26.5]} 20. Qa4 {[%clk 0:47:16.1]} Bb5 {[%clk 0:42:52.5]} 21. Qb3 {[%clk 0:46:54.8]} Nd7 {[%clk 0:42:30.8]} 22. e3 {[%clk 0:45:54.1]} Rc8 {[%clk 0:41:25.3]} 23. Nb1 {[%clk 0:43:55.2]} Bc4 {[%clk 0:40:19.8]} 24. Nxc4 {[%clk 0:43:09.8]} Nxc4 {[%clk 0:39:46.8]} 25. Rc1 {[%clk 0:42:24.3]} Qb8 {[%clk 0:38:10.1]} 26. Bf1 {[%clk 0:42:03.4]} Nd6 {[%clk 0:37:46.4]} 27. Nc3 {[%clk 0:40:23.8]} Ne4 {[%clk 0:37:03.0]} 28. Qd1 {[%clk 0:40:08.7]} Nxc3 {[%clk 0:36:35.6]} 29. bxc3 {[%clk 0:40:08.5]} b5 {[%clk 0:36:10.5]} 30. Qb3 {[%clk 0:40:01.8]} a6 {[%clk 0:36:02.1]} 31. Bd3 {[%clk 0:39:50.6]} Nb6 {[%clk 0:35:30.5]} 32. Qb4 {[%clk 0:39:20.7]} Qc7 {[%clk 0:34:53.0]} 33. Be2 {[%clk 0:38:51.9]} Qd7 {[%clk 0:34:34.8]} 34. Qa5 {[%clk 0:38:02.2]} Qa7 {[%clk 0:34:04.2]} 35. Bxb5 {[%clk 0:38:02.5]} Nc4 {[%clk 0:32:40.7]} 36. Bxc4 {[%clk 0:37:50.2]} dxc4 {[%clk 0:32:40.4]} 37. Rb1 {[%clk 0:37:54.4]} Rb8 {[%clk 0:32:09.6]} 38. Rxb8+ {[%clk 0:37:36.7]} Qxb8 {[%clk 0:32:07.8]} 39. Qxa6 {[%clk 0:37:44.2]} Qb1+ {[%clk 0:32:12.3]} 40. Kg2 {[%clk 0:37:50.8]} Qe4+ {[%clk 0:32:17.0]} 41. Kg1 {[%clk 0:37:18.2]} Qb1+ {[%clk 0:32:21.8] Black offered a draw.} 42. Kg2 {[%clk 0:36:22.9]} Qe4+ {[%clk 0:32:26.3]} 43. Kf1 {[%clk 0:35:54.7]} Qb1+ {[%clk 0:32:16.7]} 44. Ke2 {[%clk 0:35:41.9]} Qd3+ {[%clk 0:32:12.8]} 45. Kf3 {[%clk 0:35:46.8]} Qf5+ {[%clk 0:32:18.0]} 46. Ke2 {[%clk 0:35:49.2]} Qd3+ {[%clk 0:32:25.8]} 47. Kf3 {[%clk 0:35:36.3]} Qf5+ {[%clk 0:32:29.7] Black offered a draw.} 48. Kg2 {[%clk 0:35:37.0]} Qe4+ {[%clk 0:32:34.6]} {Draw by Repetition} 1/2-1/2

[Event "Club 608 Online 1 - Open C (-1200)"]
[Date "2021.04.10"]
[Round "2.5"]
[White "Ulysse, Leroux"]
[Black "Aurélien, Alata"]
[Result "0-1"]
[BlackElo "1061"]
[WhiteElo "1009"]

{Clock started by Black.} 1. e4 {[%clk 0:50:07.3]} c5 {[%clk 0:50:04.2]} 2. Nf3 {[%clk 0:50:14.9]} d6 {[%clk 0:50:09.0]} 3. Nc3 {[%clk 0:50:22.7]} Nf6 {[%clk 0:50:11.7]} 4. Bc4 {[%clk 0:50:16.6]} a6 {[%clk 0:49:59.8]} 5. Ng5 {[%clk 0:50:18.6]} e6 {[%clk 0:50:00.6]} 6. 0-0 {[%clk 0:50:19.0]} Be7 {[%clk 0:49:50.5]} 7. d3 {[%clk 0:50:19.6]} Nc6 {[%clk 0:49:52.5]} 8. Bf4 {[%clk 0:50:08.2]} 0-0 {[%clk 0:49:42.6]} 9. Nf3 {[%clk 0:48:30.9]} b5 {[%clk 0:48:12.0]} 10. Bb3 {[%clk 0:48:27.9]} Bb7 {[%clk 0:47:54.7]} 11. a4 {[%clk 0:48:29.8]} h6 {[%clk 0:46:56.8]} 12. axb5 {[%clk 0:48:34.2]} axb5 {[%clk 0:46:56.5]} 13. Nxb5 {[%clk 0:48:39.9]} d5 {[%clk 0:46:07.6]} 14. Rxa8 {[%clk 0:48:36.9]} Bxa8 {[%clk 0:45:53.0]} 15. Qa1 {[%clk 0:48:34.8]} Bb7 {[%clk 0:45:20.5]} 16. Bc7 {[%clk 0:48:32.5]} Qc8 {[%clk 0:45:03.9]} 17. exd5 {[%clk 0:48:34.4]} exd5 {[%clk 0:44:52.1]} 18. Re1 {[%clk 0:47:58.8]} Ba6 {[%clk 0:43:59.4]} 19. Nc3 {[%clk 0:45:27.2]} Bxd3 {[%clk 0:41:53.9]} 20. cxd3 {[%clk 0:45:30.3]} Qxc7 {[%clk 0:41:58.7]} 21. Re5 {[%clk 0:45:00.4]} Nxe5 {[%clk 0:40:43.2]} 22. Ne1 {[%clk 0:44:31.8]} Qb7 {[%clk 0:40:04.9]} 23. Bc2 {[%clk 0:43:35.6]} Ra8 {[%clk 0:40:02.4]} 24. Qc1 {[%clk 0:43:14.8]} Bd8 {[%clk 0:39:26.0]} 25. Nd1 {[%clk 0:39:50.1]} Ba5 {[%clk 0:39:16.4]} 26. Nc3 {[%clk 0:39:31.8]} Bxc3 {[%clk 0:39:05.7]} 27. bxc3 {[%clk 0:39:35.4]} Qa6 {[%clk 0:38:53.1]} 28. d4 {[%clk 0:39:18.3]} Qa1 {[%clk 0:38:31.4]} 29. Qd2 {[%clk 0:38:16.5]} Nc4 {[%clk 0:38:00.1]} 30. Qe2 {[%clk 0:37:37.6]} Re8 {[%clk 0:37:10.3]} {White Resigned} 0-1

[Event "Club 608 Online 1 - Open A (-2200)"]
[Date "2021.04.10"]
[Round "2.5"]
[White "Samy, Laouamri"]
[Black "Dalibert, Anthony"]
[Result "1/2-1/2"]
[BlackElo "1726"]
[WhiteCountry "FRA"]
[WhiteElo "1715"]
[WhiteFideId "36044253"]

{Clock started by White.} 1. e4 {[%clk 0:50:07.2]} c6 {[%clk 0:49:59.5]} 2. d4 {[%clk 0:50:10.0]} d5 {[%clk 0:50:06.4]} 3. e5 {[%clk 0:50:13.6]} Bf5 {[%clk 0:50:12.2]} 4. Nf3 {[%clk 0:47:52.2]} e6 {[%clk 0:50:14.4]} 5. Nbd2 {[%clk 0:45:38.0]} Nd7 {[%clk 0:49:49.1]} 6. c3 {[%clk 0:42:02.0]} Ne7 {[%clk 0:49:24.2]} 7. Nb3 {[%clk 0:37:07.3]} h6 {[%clk 0:45:25.1]} 8. a4 {[%clk 0:34:47.1]} Qc7 {[%clk 0:44:29.3]} 9. Bd2 {[%clk 0:22:33.7]} c5 {[%clk 0:40:12.6]} 10. Bb5 {[%clk 0:19:18.5]} Nc6 {[%clk 0:38:38.3]} 11. Rc1 {[%clk 0:14:32.6]} c4 {[%clk 0:38:01.2]} 12. Na1 {[%clk 0:13:17.4]} a6 {[%clk 0:37:17.7]} 13. Bxc6 {[%clk 0:13:04.4]} Qxc6 {[%clk 0:37:06.5]} 14. a5 {[%clk 0:06:29.3]} Qb5 {[%clk 0:29:39.7]} 15. b4 {[%clk 0:06:18.1]} cxb3 {[%clk 0:29:32.0]} 16. Qxb3 {[%clk 0:06:17.2]} Qxb3 {[%clk 0:29:22.3]} 17. Nxb3 {[%clk 0:06:17.8]} Rc8 {[%clk 0:29:04.7]} 18. Ke2 {[%clk 0:05:46.7]} Be7 {[%clk 0:24:52.7]} 19. Ne1 {[%clk 0:04:03.8]} 0-0 {[%clk 0:24:07.4]} 20. Nc2 {[%clk 0:03:54.8]} Bxc2 {[%clk 0:18:59.1]} 21. Rxc2 {[%clk 0:03:59.6]} Rc7 {[%clk 0:16:24.2]} 22. Rb1 {[%clk 0:03:52.9]} Rfc8 {[%clk 0:15:59.7]} 23. Nc1 {[%clk 0:03:46.0]} Rb8 {[%clk 0:12:55.6]} 24. Rcb2 {[%clk 0:03:26.1]} b5 {[%clk 0:11:32.6]} 25. axb6 {[%clk 0:03:33.0]} Rcb7 {[%clk 0:11:35.8]} 26. Nd3 {[%clk 0:02:48.9]} Rxb6 {[%clk 0:09:59.6]} 27. Rxb6 {[%clk 0:02:42.7]} Rxb6 {[%clk 0:10:06.6]} 28. Rxb6 {[%clk 0:02:29.1]} Nxb6 {[%clk 0:10:10.8]} 29. Nb4 {[%clk 0:02:32.8]} Bxb4 {[%clk 0:07:30.6]} 30. cxb4 {[%clk 0:02:41.0]} h5 {[%clk 0:07:24.5]} 31. h3 {[%clk 0:02:36.5]} Kh7 {[%clk 0:06:38.0]} 32. g4 {[%clk 0:02:29.9]} Kg6 {[%clk 0:06:20.8]} 33. Kd3 {[%clk 0:01:35.1]} Nc4 {[%clk 0:06:06.5]} 34. Bc1 {[%clk 0:01:36.0]} hxg4 {[%clk 0:05:06.7]} 35. hxg4 {[%clk 0:01:42.3]} f5 {[%clk 0:03:20.2]} 36. exf6 {[%clk 0:01:48.2]} gxf6 {[%clk 0:03:08.4]} 37. f3 {[%clk 0:01:05.3]} Nd6 {[%clk 0:02:19.0]} 38. Ke3 {[%clk 0:00:58.4]} Kg5 {[%clk 0:02:10.2]} 39. Kf2+ {[%clk 0:01:04.9]} Kh4 {[%clk 0:02:14.2]} 40. Kg2 {[%clk 0:00:52.2]} Nb5 {[%clk 0:02:19.3]} 41. Be3 {[%clk 0:00:36.1]} Na3 {[%clk 0:02:20.9]} 42. Bf2+ {[%clk 0:00:31.6]} Kg5 {[%clk 0:02:21.0]} 43. Kg3 {[%clk 0:00:37.6]} Nc2 {[%clk 0:02:19.0]} 44. f4+ {[%clk 0:00:45.4]} Kg6 {[%clk 0:02:25.3]} 45. Kf3 {[%clk 0:00:20.2]} Nxb4 {[%clk 0:02:29.6]} 46. Be1 {[%clk 0:00:27.2]} Nc6 {[%clk 0:02:13.8]} 47. Bc3 {[%clk 0:00:33.5]} a5 {[%clk 0:02:20.0]} 48. Ke3 {[%clk 0:00:40.1]} a4 {[%clk 0:02:01.0]} 49. Kd2 {[%clk 0:00:46.3]} Na7 {[%clk 0:01:13.7]} 50. Kc2 {[%clk 0:00:23.2]} Nb5 {[%clk 0:01:10.6]} 51. Ba1 {[%clk 0:00:30.3]} Na3+ {[%clk 0:00:51.5]} 52. Kc3 {[%clk 0:00:17.9]} Nc4 {[%clk 0:00:56.4]} 53. Kb4 {[%clk 0:00:25.1]} a3 {[%clk 0:00:54.3]} 54. Kc5 {[%clk 0:00:32.3]} Ne3 {[%clk 0:00:35.2]} 55. Kd6 {[%clk 0:00:25.0]} Kf7 {[%clk 0:00:39.5]} 56. g5 {[%clk 0:00:22.8]} fxg5 {[%clk 0:00:40.6]} 57. fxg5 {[%clk 0:00:30.9]} Nc2 {[%clk 0:00:47.7]} 58. Bc3 {[%clk 0:00:35.7]} a2 {[%clk 0:00:52.3]} 59. g6+ {[%clk 0:00:40.0]} Kxg6 {[%clk 0:00:50.4]} 60. Kxe6 {[%clk 0:00:48.4]} a1=Q {[%clk 0:00:51.3]} 61. Bxa1 {[%clk 0:00:56.0]} Nxa1 {[%clk 0:00:59.7]} 62. Kxd5 {[%clk 0:01:04.7]} Nc2 {[%clk 0:01:07.8]} 63. Ke5 {[%clk 0:01:11.7]} Nxd4 {[%clk 0:01:15.8]} {Draw by Insufficient Material} 1/2-1/2

[Event "Club 608 Online 1 - Open C (-1200)"]
[Date "2021.04.10"]
[Round "2.6"]
[White "Liu, Oscar"]
[Black "Axel, Landoeuer"]
[Result "0-1"]
[BlackElo "1009"]
[WhiteElo "1009"]

{Clock started by Black.} 1. e4 {[%clk 0:50:07.9]} e5 {[%clk 0:50:06.6]} 2. Bc4 {[%clk 0:50:14.1]} Nc6 {[%clk 0:50:07.8]} 3. Nf3 {[%clk 0:49:59.9]} Qf6 {[%clk 0:50:08.8]} 4. 0-0 {[%clk 0:49:52.1]} d6 {[%clk 0:50:11.9]} 5. h3 {[%clk 0:49:49.5]} Qg6 {[%clk 0:50:07.5]} 6. Re1 {[%clk 0:49:55.3]} Bxh3 {[%clk 0:50:14.7]} 7. g3 {[%clk 0:50:01.2]} 0-0-0 {[%clk 0:50:04.6]} 8. Nc3 {[%clk 0:49:34.0]} Nd4 {[%clk 0:50:10.6]} 9. d3 {[%clk 0:48:27.8]} Bg4 {[%clk 0:50:13.3]} 10. Nh4 {[%clk 0:47:46.2]} Bxd1 {[%clk 0:50:15.8]} 11. Nxg6 {[%clk 0:47:53.2]} fxg6 {[%clk 0:50:21.8]} 12. Nxd1 {[%clk 0:47:54.6]} Nxc2 {[%clk 0:50:23.0]} 13. Be6+ {[%clk 0:47:57.2]} Kb8 {[%clk 0:50:27.5]} 14. Bf7 {[%clk 0:47:50.2]} Nxa1 {[%clk 0:50:31.9]} 15. Ne3 {[%clk 0:47:55.8]} Rd7 {[%clk 0:50:30.4]} 16. Bd2 {[%clk 0:47:50.5]} Rxf7 {[%clk 0:50:31.7]} 17. Rxa1 {[%clk 0:47:56.6]} Be7 {[%clk 0:50:34.3]} 18. Nd5 {[%clk 0:47:53.2]} Nf6 {[%clk 0:50:24.7]} 19. Nxf6 {[%clk 0:47:53.4]} Bxf6 {[%clk 0:50:30.0]} 20. Rc1 {[%clk 0:47:52.0]} h5 {[%clk 0:50:28.5]} 21. Kg2 {[%clk 0:47:52.4]} g5 {[%clk 0:50:28.5]} 22. Kh3 {[%clk 0:47:55.5]} g4+ {[%clk 0:50:29.4]} 23. Kg2 {[%clk 0:47:59.5]} h4 {[%clk 0:50:32.3]} 24. gxh4 {[%clk 0:48:06.1]} Bxh4 {[%clk 0:50:37.3]} 25. Rf1 {[%clk 0:47:56.7]} Rhf8 {[%clk 0:50:41.1]} 26. Be3 {[%clk 0:48:02.8]} g5 {[%clk 0:50:42.1]} 27. d4 {[%clk 0:48:05.5]} exd4 {[%clk 0:50:49.1]} 28. Bxd4 {[%clk 0:48:11.0]} c6 {[%clk 0:50:56.7]} 29. e5 {[%clk 0:48:01.9]} dxe5 {[%clk 0:51:00.2]} 30. Bxe5+ {[%clk 0:48:08.2]} Kc8 {[%clk 0:51:01.4]} 31. Bg3 {[%clk 0:47:39.2]} Bxg3 {[%clk 0:51:03.2]} 32. Kxg3 {[%clk 0:47:42.9]} Rf4 {[%clk 0:51:01.9]} 33. b3 {[%clk 0:47:35.8]} Rd8 {[%clk 0:51:07.3]} 34. a4 {[%clk 0:47:28.0]} Rd3+ {[%clk 0:51:12.1]} 35. Kg2 {[%clk 0:47:33.4]} Rxb3 {[%clk 0:51:18.9]} 36. a5 {[%clk 0:47:38.5]} Ra3 {[%clk 0:51:25.9]} 37. a6 {[%clk 0:47:43.1]} Rxa6 {[%clk 0:51:32.8]} 38. Kg3 {[%clk 0:47:49.2]} Ra3+ {[%clk 0:51:38.5]} 39. Kg2 {[%clk 0:47:56.9]} b5 {[%clk 0:51:46.5]} 40. Rc1 {[%clk 0:48:00.6]} Kc7 {[%clk 0:51:50.2]} 41. Kf1 {[%clk 0:48:04.0]} b4 {[%clk 0:51:55.5]} 42. Rb1 {[%clk 0:48:09.3]} c5 {[%clk 0:52:00.2]} 43. Ke1 {[%clk 0:48:14.1]} c4 {[%clk 0:52:07.6]} 44. Rxb4 {[%clk 0:48:19.5]} c3 {[%clk 0:52:05.3]} 45. Rxf4 {[%clk 0:48:22.7]} c2 {[%clk 0:52:11.6]} 46. Kd2 {[%clk 0:48:29.2]} c1=Q+ {[%clk 0:51:59.5]} 47. Kxc1 {[%clk 0:48:35.0]} gxf4 {[%clk 0:52:03.9]} 48. Kd1 {[%clk 0:48:40.8]} g3 {[%clk 0:52:08.3]} 49. Ke1 {[%clk 0:48:44.5]} gxf2+ {[%clk 0:52:13.9]} 50. Kxf2 {[%clk 0:48:52.1]} Rb3 {[%clk 0:52:20.1]} 51. Ke2 {[%clk 0:48:59.9]} a6 {[%clk 0:52:25.4]} 52. Kd2 {[%clk 0:49:07.3]} a5 {[%clk 0:52:32.3]} 53. Kc2 {[%clk 0:49:14.8]} a4 {[%clk 0:52:40.6]} 54. Kd2 {[%clk 0:49:20.8]} Rh3 {[%clk 0:52:45.2]} 55. Kc2 {[%clk 0:49:28.2]} f3 {[%clk 0:52:47.2]} 56. Kd2 {[%clk 0:49:32.3]} f2 {[%clk 0:52:56.0]} 57. Ke2 {[%clk 0:49:40.0]} a3 {[%clk 0:53:03.9]} 58. Kxf2 {[%clk 0:49:47.4]} a2 {[%clk 0:53:09.3]} 59. Kg2 {[%clk 0:49:55.2]} Ra3 {[%clk 0:53:06.7]} 60. Kf2 {[%clk 0:50:01.6]} a1=Q {[%clk 0:53:12.9]} 61. Ke2 {[%clk 0:50:08.5]} Qb2+ {[%clk 0:53:21.1]} 62. Kd1 {[%clk 0:50:15.3]} Ra1# {[%clk 0:53:28.0]} 0-1

[Event "Club 608 Online 1 - Open B (-1600)"]
[Date "2021.04.10"]
[Round "2.7"]
[White "Yu, Etan"]
[Black "Lamorelle, Alexey"]
[Result "1/2-1/2"]
[BlackCountry "FRA"]
[BlackElo "1305"]
[BlackFideId "651009838"]
[WhiteElo "1009"]

{Clock started by Black.} 1. e4 {[%clk 0:50:06.7]} e5 {[%clk 0:49:59.6]} 2. Nf3 {[%clk 0:50:14.1]} Nc6 {[%clk 0:50:05.8]} 3. Bb5 {[%clk 0:50:21.7]} Nf6 {[%clk 0:50:06.3]} 4. d3 {[%clk 0:50:28.6]} Bc5 {[%clk 0:49:54.4]} 5. Bxc6 {[%clk 0:50:32.1]} dxc6 {[%clk 0:49:45.0]} 6. 0-0 {[%clk 0:50:38.6]} Bg4 {[%clk 0:49:36.2]} 7. h3 {[%clk 0:50:44.5]} Bh5 {[%clk 0:49:33.3]} 8. Bg5 {[%clk 0:50:38.4]} 0-0 {[%clk 0:49:31.0]} 9. Nc3 {[%clk 0:50:36.3]} Qd6 {[%clk 0:48:57.2]} 10. g4 {[%clk 0:50:00.5]} Nxg4 {[%clk 0:47:08.2]} 11. hxg4 {[%clk 0:50:00.2]} Bxg4 {[%clk 0:47:12.7]} 12. Bh4 {[%clk 0:49:52.6]} Qg6 {[%clk 0:47:00.8]} 13. Nxe5 {[%clk 0:49:53.1]} Bxd1+ {[%clk 0:46:23.5]} 14. Nxg6 {[%clk 0:50:00.9]} fxg6 {[%clk 0:46:08.8]} 15. Raxd1 {[%clk 0:50:06.2]} Rf4 {[%clk 0:45:35.8]} 16. Bg3 {[%clk 0:50:09.8]} Rg4 {[%clk 0:45:36.5]} 17. d4 {[%clk 0:50:04.8]} Be7 {[%clk 0:44:50.9]} 18. Kh2 {[%clk 0:50:04.6]} Rf8 {[%clk 0:44:40.2]} 19. Bxc7 {[%clk 0:49:56.7]} Rh4+ {[%clk 0:44:26.9]} 20. Kg2 {[%clk 0:50:00.2]} Rg4+ {[%clk 0:43:59.2]} 21. Kh3 {[%clk 0:50:05.2]} Rh4+ {[%clk 0:43:54.6]} 22. Kg2 {[%clk 0:50:11.4]} Rg4+ {[%clk 0:43:51.0]} 23. Kh3 {[%clk 0:50:14.8]} Rh4+ {[%clk 0:43:54.5]} 24. Kg2 {[%clk 0:50:22.7]} {Draw by Repetition} 1/2-1/2

[Event "Club 608 Online 1 - Open C (-1200)"]
[Date "2021.04.10"]
[Round "2.8"]
[White "Annie, Vallee"]
[Black "Lecat Tabet, Nathan"]
[Result "1-0"]
[BlackElo "1009"]
[WhiteElo "1033"]

1. Nf3 {[%clk 0:50:10.0]} d5 {[%clk 0:50:06.5]} 2. d3 {[%clk 0:50:14.4]} e5 {[%clk 0:50:13.6]} 3. e3 {[%clk 0:50:19.1]} Bb4+ {[%clk 0:50:19.1]} 4. c3 {[%clk 0:50:25.7]} Ba5 {[%clk 0:50:25.8]} 5. b4 {[%clk 0:50:33.9]} Bb6 {[%clk 0:50:31.8]} 6. Be2 {[%clk 0:50:36.9]} Bg4 {[%clk 0:50:35.8]} 7. 0-0 {[%clk 0:50:41.3]} Bxf3 {[%clk 0:50:42.6]} 8. Bxf3 {[%clk 0:50:48.5]} d4 {[%clk 0:50:47.0]} 9. cxd4 {[%clk 0:50:55.3]} exd4 {[%clk 0:50:50.1]} 10. e4 {[%clk 0:51:01.3]} Nc6 {[%clk 0:50:39.9]} 11. a3 {[%clk 0:51:04.2]} Qd7 {[%clk 0:50:35.7]} 12. Nd2 {[%clk 0:51:06.7]} 0-0-0 {[%clk 0:50:42.1]} 13. Qe2 {[%clk 0:50:57.3]} Re8 {[%clk 0:50:46.0]} 14. Bg4 {[%clk 0:50:46.1]} Rd8 {[%clk 0:50:45.2]} 15. Bxd7+ {[%clk 0:50:52.7]} Rxd7 {[%clk 0:50:52.4]} 16. Qg4 {[%clk 0:50:55.4]} Nf6 {[%clk 0:50:53.1]} 17. Qxg7 {[%clk 0:51:00.3]} Re8 {[%clk 0:50:52.9]} 18. Qxf6 {[%clk 0:51:05.3]} Nxb4 {[%clk 0:50:37.6]} 19. axb4 {[%clk 0:51:12.4]} a6 {[%clk 0:50:42.0]} 20. Nc4 {[%clk 0:51:13.0]} a5 {[%clk 0:50:46.6]} 21. Nxb6+ {[%clk 0:51:20.1]} cxb6 {[%clk 0:50:50.3]} 22. bxa5 {[%clk 0:51:24.7]} bxa5 {[%clk 0:50:57.3]} 23. Qb6 {[%clk 0:51:15.7]} a4 {[%clk 0:51:01.3]} 24. Qc5+ {[%clk 0:51:16.5]} Kb8 {[%clk 0:51:08.8]} 25. Rxa4 {[%clk 0:51:20.2]} b6 {[%clk 0:51:11.6]} 26. Qxb6+ {[%clk 0:51:24.8]} Kc8 {[%clk 0:51:16.5]} 27. Rc4+ {[%clk 0:51:31.5]} Rc7 {[%clk 0:51:14.5]} 28. Qxc7# {[%clk 0:51:33.9]} 1-0

[Event "Club 608 Online 1 - Open B (-1600)"]
[Date "2021.04.10"]
[Round "2.8"]
[White "Rakotomamonjy, Logan"]
[Black "Yseoline, Bouland"]
[Result "1-0"]
[BlackElo "1126"]
[WhiteElo "1305"]

1. e4 {[%clk 0:50:10.0]} c5 {[%clk 0:50:05.8]} 2. Nf3 {[%clk 0:50:07.1]} d6 {[%clk 0:50:04.7]} 3. d4 {[%clk 0:50:01.0]} cxd4 {[%clk 0:50:01.2]} 4. Nxd4 {[%clk 0:49:57.6]} Nf6 {[%clk 0:49:59.4]} 5. Nc3 {[%clk 0:49:39.0]} a6 {[%clk 0:49:55.5]} 6. Bd3 {[%clk 0:48:29.4]} e5 {[%clk 0:49:42.2]} 7. Nde2 {[%clk 0:48:05.5]} Nc6 {[%clk 0:49:29.3]} 8. f4 {[%clk 0:47:37.5]} Bg4 {[%clk 0:49:14.2]} 9. h3 {[%clk 0:46:59.5]} Bxe2 {[%clk 0:48:49.5]} 10. Qxe2 {[%clk 0:46:14.2]} Nd4 {[%clk 0:48:29.2]} 11. Qf2 {[%clk 0:45:58.5]} Be7 {[%clk 0:48:20.3]} 12. Be3 {[%clk 0:45:52.1]} Qb6 {[%clk 0:47:30.5]} 13. Rb1 {[%clk 0:45:13.3]} Rc8 {[%clk 0:46:05.4]} 14. 0-0 {[%clk 0:44:04.6]} 0-0 {[%clk 0:45:54.2]} 15. Kh1 {[%clk 0:43:20.3]} g6 {[%clk 0:44:10.1]} 16. Ne2 {[%clk 0:41:41.7]} d5 {[%clk 0:43:21.6]} 17. fxe5 {[%clk 0:41:11.7]} Nxe4 {[%clk 0:43:13.0]} 18. Bxe4 {[%clk 0:40:25.2]} dxe4 {[%clk 0:43:10.8]} 19. Nxd4 {[%clk 0:40:14.8]} Bc5 {[%clk 0:42:59.0]} 20. c3 {[%clk 0:40:14.8]} Rce8 {[%clk 0:42:07.8]} 21. Bh6 {[%clk 0:38:27.6]} {Black Resigned} 1-0

[Event "Club 608 Online 1 - Open C (-1200)"]
[Date "2021.04.10"]
[Round "2.9"]
[White "Liu, Louis"]
[Black "Jean Pierre, Durand"]
[Result "0-1"]
[BlackElo "1032"]
[WhiteElo "1009"]

{White stopped clock for 517 seconds.} 1. e4 {[%clk 0:50:10.0]} d5 {[%clk 0:49:48.7]} 2. exd5 {[%clk 0:50:14.1]} Qxd5 {[%clk 0:49:55.0]} 3. Nc3 {[%clk 0:50:20.9]} Qa5 {[%clk 0:50:01.9]} 4. d4 {[%clk 0:50:18.8]} Nf6 {[%clk 0:49:54.0]} 5. Nf3 {[%clk 0:50:21.7]} Nc6 {[%clk 0:49:31.1]} 6. Bc4 {[%clk 0:49:49.2]} Bg4 {[%clk 0:49:26.2]} 7. 0-0 {[%clk 0:49:44.5]} 0-0-0 {[%clk 0:49:24.3]} 8. Bf4 {[%clk 0:49:17.1]} Nxd4 {[%clk 0:49:13.7]} 9. Qe1 {[%clk 0:48:50.4]} Nxf3+ {[%clk 0:49:05.5]} 10. gxf3 {[%clk 0:48:48.8]} Bxf3 {[%clk 0:49:03.9]} 11. Nd1 {[%clk 0:46:43.9]} e6 {[%clk 0:49:04.2]} 12. Qxa5 {[%clk 0:46:47.5]} Kb8 {[%clk 0:48:55.3]} 13. Qb5 {[%clk 0:46:46.1]} Nh5 {[%clk 0:48:43.6]} 14. Be3 {[%clk 0:46:39.9]} c6 {[%clk 0:48:22.8]} 15. Qa5 {[%clk 0:46:33.3]} Rd7 {[%clk 0:47:30.6]} 16. Qxa7+ {[%clk 0:46:32.7]} Kc7 {[%clk 0:47:35.1]} 17. Qb6+ {[%clk 0:46:26.8]} Kc8 {[%clk 0:47:31.9]} 18. Qa7 {[%clk 0:45:08.2]} Kc7 {[%clk 0:47:31.9]} 19. Bb6+ {[%clk 0:45:08.0]} Kd6 {[%clk 0:47:19.9]} 20. Bc5+ {[%clk 0:44:49.6]} Kc7 {[%clk 0:47:22.9]} 21. Qb6+ {[%clk 0:44:37.7]} Kc8 {[%clk 0:47:11.0]} 22. Bb5 {[%clk 0:44:23.3]} Bxc5 {[%clk 0:47:06.0]} 23. Qxc5 {[%clk 0:44:26.2]} Rd5 {[%clk 0:47:02.5]} 24. Qa7 {[%clk 0:44:02.3]} Rxb5 {[%clk 0:47:01.2]} 25. Qa8+ {[%clk 0:44:06.8]} Kc7 {[%clk 0:47:07.7]} 26. Qxh8 {[%clk 0:44:10.6]} Rg5# {[%clk 0:47:10.6]} 0-1

[Event "Club 608 Online 1 - Open B (-1600)"]
[Date "2021.04.10"]
[Round "2.9"]
[White "Poirier, Luc"]
[Black "Nicot, Anna"]
[Result "0-1"]
[BlackElo "1009"]
[WhiteElo "1549"]

{Clock started by White.} 1. d4 {[%clk 0:50:08.3]} d5 {[%clk 0:50:05.7]} 2. Nf3 {[%clk 0:50:16.1]} e6 {[%clk 0:50:02.2]} 3. e3 {[%clk 0:50:20.9]} Nf6 {[%clk 0:50:05.0]} 4. Bd3 {[%clk 0:50:28.2]} c5 {[%clk 0:50:07.1]} 5. c3 {[%clk 0:50:33.8]} Be7 {[%clk 0:50:08.3]} 6. Nbd2 {[%clk 0:50:38.7]} 0-0 {[%clk 0:50:09.1]} 7. 0-0 {[%clk 0:50:42.6]} Nc6 {[%clk 0:50:11.2]} 8. Qe2 {[%clk 0:50:50.0]} b6 {[%clk 0:50:14.7]} 9. dxc5 {[%clk 0:50:55.7]} Bxc5 {[%clk 0:50:21.2]} 10. e4 {[%clk 0:51:04.2]} Re8 {[%clk 0:50:01.4]} 11. Nb3 {[%clk 0:51:05.4]} dxe4 {[%clk 0:49:29.5]} 12. Bxe4 {[%clk 0:51:09.1]} Bb7 {[%clk 0:49:29.5]} 13. Nxc5 {[%clk 0:51:08.7]} bxc5 {[%clk 0:49:34.0]} 14. Bg5 {[%clk 0:51:15.9]} h6 {[%clk 0:49:29.2]} 15. Rfd1 {[%clk 0:51:21.1]} Qe7 {[%clk 0:49:16.7]} 16. Bh4 {[%clk 0:51:25.8]} Red8 {[%clk 0:49:16.5]} 17. Bxc6 {[%clk 0:51:29.4]} Bxc6 {[%clk 0:49:18.5]} 18. Ne5 {[%clk 0:51:38.0]} Bb7 {[%clk 0:49:11.3]} 19. Ng4 {[%clk 0:51:24.8]} g5 {[%clk 0:48:54.1]} 20. Bg3 {[%clk 0:51:20.2]} Nxg4 {[%clk 0:48:55.8]} 21. Qxg4 {[%clk 0:51:23.5]} Qf6 {[%clk 0:47:50.6]} 22. Re1 {[%clk 0:51:18.7]} Qg6 {[%clk 0:46:51.2]} 23. Qc4 {[%clk 0:51:01.3]} h5 {[%clk 0:46:43.8]} 24. h4 {[%clk 0:51:03.9]} gxh4 {[%clk 0:46:48.9]} 25. Qxh4 {[%clk 0:51:06.7]} f5 {[%clk 0:46:15.1]} 26. Qf4 {[%clk 0:50:54.5]} Rd7 {[%clk 0:45:44.3]} 27. Rad1 {[%clk 0:50:53.8]} Rh7 {[%clk 0:45:48.3]} 28. Qh4 {[%clk 0:50:53.8]} Rf8 {[%clk 0:45:31.6]} 29. Rd8 {[%clk 0:50:59.9]} Rf7 {[%clk 0:45:19.4]} 30. Rxf8+ {[%clk 0:51:01.9]} Rxf8 {[%clk 0:45:25.4]} 31. f3 {[%clk 0:51:08.8]} f4 {[%clk 0:45:29.8]} 32. Bxf4 {[%clk 0:50:50.2]} Bxf3 {[%clk 0:45:28.9]} 33. Bg5 {[%clk 0:50:56.0]} Bg4 {[%clk 0:45:20.5]} 34. Be7 {[%clk 0:50:56.5]} Rf5 {[%clk 0:45:02.0]} 35. Bxc5 {[%clk 0:50:50.5]} Bf3 {[%clk 0:45:03.3]} 36. g3 {[%clk 0:50:26.4]} Rxc5 {[%clk 0:44:51.9]} 37. Qd8+ {[%clk 0:50:32.5]} Kh7 {[%clk 0:44:49.1]} 38. Qe7+ {[%clk 0:50:40.3]} Kg8 {[%clk 0:44:49.4]} 39. Kf2 {[%clk 0:50:39.0]} Rf5 {[%clk 0:44:52.6]} 40. Qxe6+ {[%clk 0:49:00.5]} Qxe6 {[%clk 0:44:53.2]} 41. Rxe6 {[%clk 0:49:08.1]} Bd5+ {[%clk 0:45:01.4]} {White Resigned} 0-1